000 00905nam a2200217Ia 4500
003 GCL
008 140319s9999 xx 000 0 ara d
020 _a4596086977
040 _aGCL /
_cGCL
082 0 4 _a378.1012
_bع ج
100 1 _aعبدالعزيز الغريب صقر
245 1 0 _aالجامعة والسلطة :
_bدراسة تحليلية للعلاقة بين الجامعة والسلطة /
_cعبدالعزيز الغريب صقر
250 _aالاولى
260 _aالقاهرة :
_bالدار العالمية للنشر والتوزيع ،
_c2005
300 _a319ص ؛
_c24سم
650 0 4 _aالتعليم العالى
650 0 4 _aالجامعات والكليات - تنظيم وادارة
650 0 4 _aالجامعات والكليات - قونين وتشريعات
650 0 4 _aالجامعات والكليات - مواصفات الأمان
942 _2ddc
_cBK
999 _c46309
_d46309